| 000 | 00534nmm a22001817a 4500 | ||
|---|---|---|---|
| 005 | 20181009152630.0 | ||
| 008 | 181009b xxu||||| |||| 00| 0 spa d | ||
| 041 | _aspa | ||
| 082 | _aSE 157 | ||
| 100 |
_aCamacho Garro, María Fernanda _950193 |
||
| 245 | _aPerfil del puesto de la recepción de la Vicerrectoría de Vida Estudiantil | ||
| 260 | _c2018 | ||
| 650 |
_aCOSTA RICA _950194 |
||
| 650 |
_aSECRETARIADO EJECUTIVO _950195 |
||
| 650 |
_aRECEPCIÓN _910371 |
||
| 650 |
_aUNIVERSIDAD DE COSTA RICA _92453 |
||
| 942 | _cIP | ||
| 999 |
_c11241 _d11241 |
||